Heide Park Attractions - Statistics

General Stats
  • This quiz has been taken 15 times
    7 since last reset
  • The average score is 31 of 40
Answer Stats
Year Opened Explorit % Correct
1983 Big Loop
100%
1993 Bobbahn
100%
1987 Bounty
100%
1991 Breakdance
100%
2001⁽²⁰¹⁹⁾ Colossos: Kampf Der Giganten
100%
2007 Desert Race
100%
1978 Floßfahrt
100%
2014 Flug Der Dämonen
100%
2017 Ghostbusters 5D
100%
1985 Grottenblitz
100%
1978 Heide Park Express
100%
2011 KRAKE
100%
2009 La Ola
100%
1991 Magic
100%
1986 Monorail
100%
1997 Nostalgiekarussell
100%
2018 Peppas Haus
100%
2003 Scream
100%
2008 Screamie
100%
1999⁽²⁰²³⁾ Toxic Garden (Limit)
100%
1980 Wildwasserbahn
100%
2024 Dämonen Gruft
75%
2016 Drachengrotte
75%
2008 Indy-Blitz
75%
1992 Mountain-Rafting
75%
? Panoramabahn
75%
1989 Dampfkarussell
50%
1997 Käpt'ns Törn
50%
1978 Oldtimer-Rundkurs
50%
2018 Opa Pigs Zugfahrt
50%
2018 Peppas Bootsfahrt
50%
2018 Schorschs Dino-Abenteuer
50%
2010 ToPiLauLa-Schlacht
50%
2008 Western-Riesenrad
50%
2015 Wüstenflitzer
50%
2016 Himmelsstürmer
25%
2004 Kartbahn
25%
2020 Peppas Balloonfahrt
25%
2016 Wasserflieger
25%
2016 Wolkenspringer
25%
No matching quizzes found
Score Distribution
Percent of People with Each Score
Percentile by Number Answered
Your Score History
You have not taken this quiz since the last reset